Normale Ansicht MARC-Ansicht ISBD

Čemu i kak učili v nemeckich školach Rossii (načalo XVIII stoletija - 1917 goda) (Titelsatznr. 38901)

[ MARC ]
MARC-Details
000 -Satzkennung
Kontrollfeld mit fester Länge 00687nam a22002411c 4500
001 - Kontrollnummer
Kontrollfeld a987676902
008 - Feld mit fester Länge zur physischen Beschreibung - Allgemeine Angaben
Kontrollfeld mit fester Länge 160811s2007 gw |||| 000u rus d
020 ## - Internationale Standardbuchnummer
Internationale Standardbuchnummer 9785946680509
Verknüpfung 978-5-94668-050-9
041 ## - Sprachcode
Sprachcode des Textes/der Tonspur oder des separaten Titels rus
040 ## - Katalogisierungsquelle
Übertragungsstelle RU-10907106
003 - Kontrollnummer Identifier
Kontrollfeld RU-10907106
100 1# - Haupteintragung - Personenname
Personenname Süss, Wladimir
240 14 - Einheitstitel
Einheitstitel Das Schulwesen der deutschen Minderheit in Russland
245 00 - Titel
Titel Čemu i kak učili v nemeckich školach Rossii (načalo XVIII stoletija - 1917 goda)
264 ## - Produktion, Veröffentlichung, Distribution, Herstellung und Urheberrechtsvermerk
Herstellungs-, Veröffentlichungs- Vertriebs-, Erzeugungsort Sankt-Peterburg :
Produzent, Herausgeber, Distributor, Hersteller Rostok,
Datum der Herstellung, der Veröffentlichung, des Vertriebs oder des Urheberschutzvermerks 2007
300 ## - Physische Beschreibung
Umfang 520 S.
650 #0 - Nebeneintragung unter einem Schlagwort - Sachschlagwort
Sachschlagwort oder geografischer Name als Eintragungselement Deutsche
650 #0 - Nebeneintragung unter einem Schlagwort - Sachschlagwort
Sachschlagwort oder geografischer Name als Eintragungselement Russlanddeutsche
650 #0 - Nebeneintragung unter einem Schlagwort - Sachschlagwort
Sachschlagwort oder geografischer Name als Eintragungselement Schule
650 #0 - Nebeneintragung unter einem Schlagwort - Sachschlagwort
Sachschlagwort oder geografischer Name als Eintragungselement Auslandsschule
650 #0 - Nebeneintragung unter einem Schlagwort - Sachschlagwort
Sachschlagwort oder geografischer Name als Eintragungselement Erziehung
942 ## - Zusätzliche Felder (Koha)
Koha-Medientyp Monographien
Exemplare
Ausgeschieden Verloren Klassifikation oder Aufstellungssystematik Beschädigt Nicht entleihbar Heimatbibliothek Aufenthaltsbibliothek Aufstellungsort Erwerbungsdatum Inventarnummer Signatur Barcode Letzte Aktivität Preis gültig von Koha-Medientyp
    Andere/Generische Klassifikation     MWN Osteuropa MWN Osteuropa Magazin - 2 11/08/2016 16-02716 Ersatzß R 50 o Deut 26 E0040150790F0BAD 23/02/2021 22/03/2021 Monographien